000 008790000a22001930004500
041 0 _aSPA
082 0 4 _aG 173 S7418r
100 1 _aSpeck, Ross V.
245 1 0 _aRedes familiares / Ross V. Speck, Carolyn L. Attneave ; Leandro Wolfson, Traductor
260 _aBuenos Aires, Argentina : Amorrortu
300 _a156 Pag.
505 0 0 _aEl efecto de red -- las fases del efecto de red -- los preparativos para la mediación en una res -- el período intermedio entre sesiones -- la mediación en una sesión única -- trascripción de una asamblea de red -- apéndice. Técnicas de consulta y capacitación para asambleas de redes sociales
650 1 4 _aTRABAJO SOCIAL FAMILIAR \ PSICOTERAPIA FAMILIAR \ TRABAJO SOCIAL DE GRUPO
001 1257
942 _cBK
999 _c32580
_d32580
336 _atexto
_btxt
_2rdacontent
337 _2rdamedia
_asin mediación
_bn
338 _2rdacarrier
_avolumen
_bnc